000 01521cad a2200229 4500
008 000000n2001 000 0 eng u
020 _a0632057416
_a9780470698365
035 _a(Sirsi) u109830
100 _aStephenson, Douglas A.
245 _aArbitration practice in construction contracts.
_h[electronic resource]
250 _a5th ed.
260 _aOxford
_bBlackwell Science
_c2001
300 _aeBook
350 _a35.00
520 _aThis eBook takes the reader through every stage of an arbitration, setting each one in its legal context and showing how it works in practice. The new edition takes account of changes introduced by the Housing Grants Act and Civil Procedure Rules, changes to the arbitration provisions of the standard forms and important arbitration cases. It has been updated to take account of revised construction contracts and coverage of the 1999 Chartered Institute of Arbitrators rules; features an extensive number of specimen arbitration documents; Douglas Stephenson is a practising arbitrator and past chairman of the Chartered Institute of Arbitrators.
650 _aBUILT ENVIRONMENT-BUILDING CONTRACT FORMS
650 _aMANAGEMENT-DISPUTE AVOIDANCE, MANAGEMENT AND RESOLUTION-DISPUTE MANAGEMENT AND RESOLUTION-ARBITRATION
650 2 4 _aEBOOK
690 _aMANGEMENT-DISPUTE AVOIDANCE, MANAGEMENT AND RESOLUTION-DISPUTE MANAGEMENT AND RESOLUTION
856 4 8 _uhttps://www.vlebooks.com/
_zView on VLEbooks. Logins for members only from [email protected]
942 _n0
999 _c101000
_d101000